000 006480000a22002170004500
090 _aAR
_b03886
245 1 0 _aMedicina tradicional
500 _a<Colección Conocimiento Tradición>
650 1 4 _aConocimiento tradicional
_992244
650 1 4 _aAntropología
_994371
650 1 4 _aCosmología
_997709
651 4 _lRío Ele
_dArauca
_pColombia
_992749
041 0 _aEspañol
700 1 _aHerrera, Xochtl
_997710
100 1 _aLobo Guerrero, Miguel
_915310
260 _aBogotá
_bPAN
260 _b1982
260 _bColciencias
942 _cARTICULO
773 1 _tEstudio de antropología medica entre indígenas y colonias del medio río Ele
999 _c12921
_d12921